书目信息 |
| 题名: |
大学军事
|
|
| 作者: | 王小健 主编 | |
| 分册: | ||
| 出版信息: | 北京 中国社会科学出版社 2003 |
|
| 页数: | 287页 | |
| 开本: | 20cm | |
| 丛书名: | ||
| 单 册: | ||
| 中图分类: | E0 | |
| 科图分类: | 36.03 | |
| 主题词: | 军事理论--高等学校--教学参考资料 | |
| 电子资源: | ||
| ISBN: | 7-5004-4012-X | |
| 000 | 00613nam0 2200217 45 | |
| 001 | 0197019156 | |
| 005 | 20070723162336.14 | |
| 010 | @a7-5004-4012-X@dCNY21.00 | |
| 100 | @a19970702d2003 y0chiy0121 ea | |
| 101 | 0 | @achi |
| 102 | @aCN@b110000 | |
| 105 | @ay z 000yy | |
| 200 | 10 | @a大学军事@Ada xue jun shi@f王小健等主编@Fwang xiao jian deng zhu bian |
| 210 | @a北京@c中国社会科学出版社@d2003@h2004 | |
| 215 | @a287页@d20cm | |
| 606 | @a军事理论@x高等学校@x教学参考资料 | |
| 690 | @aE0@v3 | |
| 692 | @a36.03 | |
| 701 | 0 | @a王小健@Awang xiao jian@4主编 |
| 801 | 0 | @aCN@bTSSF@c20070723 |
| 905 | @a10447@dE0@e17 | |
| 大学军事/王小健等主编.-北京:中国社会科学出版社,2003(2004) |
| 287页;20cm |
| ISBN 7-5004-4012-X:CNY21.00 |
| ● |
| 相关链接 |
|
|
|
|
正题名:大学军事
索取号:E0/17
 
预约/预借
| 序号 | 登录号 | 条形码 | 馆藏地/架位号 | 状态 | 备注 |
| 1 | 0768446 | 207684460 | 第一样本阅览室/ [索取号:E0/17] | 在馆 |